MAASAI MARA UNIVERSITY

LIBRARY CATALOGUE

Contact Us: +254 020 2685356/7 or 0774 057787

Box: 861-20500, NAROK, KENYA

Email: info@mmarau.ac.ke

The Cold War in East Asia, 1945-1991 / (Record no. 24058)

MARC details
000 -LEADER
fixed length control field 02499nam a22003497a 4500
001 - CONTROL NUMBER
control field 16552596
003 - CONTROL NUMBER IDENTIFIER
control field OSt
005 - DATE AND TIME OF LATEST TRANSACTION
control field 20170518103136.0
008 - FIXED-LENGTH DATA ELEMENTS--GENERAL INFORMATION
fixed length control field 170303b xxu||||| |||| 00| 0 eng d
010 ## - LIBRARY OF CONGRESS CONTROL NUMBER
LC control number 2010048910
020 ## - INTERNATIONAL STANDARD BOOK NUMBER
International Standard Book Number 9780804773317 (alk. paper)
020 ## - INTERNATIONAL STANDARD BOOK NUMBER
International Standard Book Number 0804773319 (alk. paper)
035 ## - SYSTEM CONTROL NUMBER
System control number (OCoLC)ocn688559468
040 ## - CATALOGING SOURCE
Original cataloging agency MMU
Transcribing agency MMU
Modifying agency MMU
-- MMU
-- MMU
-- MMU
-- MMU
-- MMU
Language of cataloging eng
043 ## - GEOGRAPHIC AREA CODE
Geographic area code ae-----
050 00 - LIBRARY OF CONGRESS CALL NUMBER
Classification number DS518.1
Item number .C588 2011
082 00 - DEWEY DECIMAL CLASSIFICATION NUMBER
Classification number 950.4/2
Edition number 22
245 04 - TITLE STATEMENT
Title The Cold War in East Asia, 1945-1991 /
Statement of responsibility, etc. edited by Tsuyoshi Hasegawa.
260 ## - PUBLICATION, DISTRIBUTION, ETC. (IMPRINT)
Place of publication, distribution, etc. Washington, D.C. :
Name of publisher, distributor, etc. Woodrow Wilson Center Press ;
Place of publication, distribution, etc. Stanford, Calif. :
Name of publisher, distributor, etc. Stanford University Press,
Date of publication, distribution, etc. c2011.
300 ## - PHYSICAL DESCRIPTION
Extent xi, 340 p. ;
Dimensions 24 cm.
490 1# - SERIES STATEMENT
Series statement Cold War International History Project series
504 ## - BIBLIOGRAPHY, ETC. NOTE
Bibliography, etc Includes bibliographical references and index.
505 0# - FORMATTED CONTENTS NOTE
Formatted contents note Introduction: East Asia-the second significant front of the Cold War / Tsuyoshi Hasegawa -- Struggles for modernity: the Golden years of the Sino-Soviet alliance / Odd Arne Westad -- The second front of the Soviet Cold War: Asia in the system of Moscow's foreign policy priorities, 1945-1956 / Ilya V. Gaiduk -- Reorienting the Cold War: the implications of China's early Cold War experience, taking Korea as a central test case / Chen Jian -- Military occupation and empire building in Cold War Asia: the United States and Korea, 1945-1955 / Steven Hugh Lee -- Kim Il Sung's balancing act between Moscow and Beijing, 1956-1972 / Nobuo Shimotomai -- Chinese foreign policy, 1960-1979 / Lorenz Lüthi -- Japan's foreign policy under détente: relations with China and the Soviet Union, 1971-1973 / Kazuhiko Togo -- A strategic quadrangle: the superpowers and the Sino-Japanese Treaty of Peace and Friendship, 1977-1978 / Tsuyoshi Hasegawa -- Korea's great divergence: North and South Korea between 1972 and 1987 / Gregg Brazinsky -- Gorbachev's policy toward East Asia, 1985-1991 / Vladislav Zubok -- Inertia and change: Soviet policy toward Korea, 1985-1991 / Sergey Radchenko.
650 #0 - SUBJECT ADDED ENTRY--TOPICAL TERM
Topical term or geographic name as entry element Cold War.
651 #0 - SUBJECT ADDED ENTRY--GEOGRAPHIC NAME
Geographic name East Asia
General subdivision Politics and government
Chronological subdivision 20th century.
700 1# - ADDED ENTRY--PERSONAL NAME
Personal name Hasegawa, Tsuyoshi,
Dates associated with a name 1941-
830 #0 - SERIES ADDED ENTRY--UNIFORM TITLE
Uniform title Cold War International History Project series.
856 42 - ELECTRONIC LOCATION AND ACCESS
Materials specified Book review (H-Net)
Uniform Resource Identifier <a href="http://www.h-net.org/reviews/showrev.php?id=40847">http://www.h-net.org/reviews/showrev.php?id=40847</a>
906 ## - LOCAL DATA ELEMENT F, LDF (RLIN)
a 7
b cbc
c orignew
d 1
e ecip
f 20
g y-gencatlg
942 ## - ADDED ENTRY ELEMENTS (KOHA)
Source of classification or shelving scheme Library of Congress Classification
Koha item type L
Holdings
Withdrawn status Lost status Source of classification or shelving scheme Damaged status Not for loan Home library Current library Date acquired Source of acquisition Total Checkouts Full call number Barcode Date last seen Date last checked out Price effective from Koha item type
    Library of Congress Classification     Maasai Mara University Library -Main Campus Maasai Mara University Library -Main Campus 03/03/2017 Donation -T4C 6 DS518.1 .C588 2011 17026191 10/19/2021 10/05/2021 03/03/2017 L
© 2016 Maasai Mara University.